Statistics for 'A' Logo Quiz

Click here to take the quiz!

General Stats

  • This quiz has been taken 67 times
  • The average score is 10 of 13

Answer Stats

Answer% Correct
Apple
100%
Amazon
100%
Adidas
98%
Android
95%
Audi
92%
Atari
86%
American Airlines
79%
AT&T
75%
Air Jordan
75%
Arby's
70%
Arm & Hammer
59%
AOL
56%
American Express
51%

Score Distribution

Percentile by Number Answered

Percent of People with Each Score

Your Score History

You have not taken this quiz